| 000 | 00744nam a2200193 i 4500 | ||
|---|---|---|---|
| 001 | 105079 | ||
| 003 | ES-MaACL | ||
| 007 | t| | ||
| 008 | 060609s1982 it ||||1| spa d | ||
| 080 | _a811.134.2(063) | ||
| 080 | _a821.134.2(063) | ||
| 110 | 2 |
_aAsociación Internacional de Hispanistas. _bCongreso ( _n7º. _d1980. _cVenecia) _91731 |
|
| 245 | 1 | 0 |
_aActas del Séptimo Congreso de la Asociación Internacional de Hispanistas _b: celebrado en Venecia del 25 al 30 de agosto de 1980 / _cpublicadas por Giuseppe Bellini. |
| 260 |
_aRoma : _bBulzoni, _c[1982] |
||
| 300 |
_a2 v. ; _c24 cm. |
||
| 650 | 1 | 4 |
_aFilología española- _vCongresos y asambleas. _912797 |
| 700 | 1 |
_aBellini, Giuseppe. _927224 |
|
| 852 |
_aES-MaACL _jG-13305-6 _bR.137670 |
||
| 999 |
_c105079 _d105079 |
||